TV Show Character Countdown II Quiz Stats

 Plays Quiz Updated Jun 26, 2017

Support Sporcle.
Go Orange.
Score 0/40 Timer 08:00
0 Plays Today
% Correct
Tony Soprano
92.6%
Carrie Bradshaw
89.3%
Grace Adler
89%
Will Truman
88.4%
Walter White
88%
Samantha Jones
83.9%
Miranda Hobbes
81.7%
Charlotte York
81.7%
Jesse Pinkman
78.8%
Gloria Delgado-Pritchett
78.8%
Claire Dunphy
78.5%
Saul Goodman
78.4%
Liz Lemon
77.8%
John James 'Mr. Big' Preston
77%
Manny Delgado
74.9%
Jay Pritchett
74.8%
Paulie 'Walnuts' Gualtieri
73.8%
James 'Sawyer' Ford
72.1%
Hugo 'Hurley' Reyes
71.5%
Jack Donaghy
70.6%
% Correct
Silvio Dante
70.1%
Christopher Moltisanti
70%
Cameron Tucker
69.6%
Jack Shephard
69.3%
Karen Walker
69.3%
Tracy Jordan
69%
Jack McFarland
68%
John Locke
66.3%
Hank Schrader
65.8%
Louie De Palma
63.3%
Latka Gravas
63%
Tony Banta
62.1%
Gustavo Fring
61.5%
Jenna Maroney
60.8%
Kate Austen
58.1%
Dr. Jennifer Melfi
57.4%
Elaine O'Connor-Nardo
52.4%
Kenneth Parcell
50.7%
Alex Reiger
50.3%
Leo Markus
32.4%

You're not logged in!

Compare scores with friends on all Sporcle quizzes.
OR
Log In
Forgot?

From the Vault

Landlocked Asia: Clickable

by RobPro

We know which answer you're going to pick first.
Remove Ads.
Support Sporcle.
Get the best of Sporcle when you Go Orange. This ad-free experience offers more features, more stats, and more fun while also helping to support Sporcle. Thank you for becoming a member.

Show Comments

Extras

Top Quizzes Today


Score Distribution

Your Account Isn't Verified!

In order to create a playlist on Sporcle, you need to verify the email address you used during registration. Go to your Sporcle Settings to finish the process.

Report this User

Report this user for behavior that violates our Community Guidelines.

Details: